Consultor Jurd̕ico

Bibliographic Details
Format: Book
Language:Portuguese
Published: [Brasil] : Consultor Jurd̕ico, 2006 -
Subjects:
Online Access:Acceso restringido

MARC

LEADER 00000nam a22000007a 4500
005 20131009181654.0
007 cr|||| |||
008 131009s20069999br ||||s |||||0|||a1por d
035 |a 11533 
040 |a vLex 
090 |c 4532  |d 4532 
245 1 0 |a Consultor Jurd̕ico  |h [Recurso electrn̤ico] 
256 |a Servicio en ln̕ea 
260 |a [Brasil] :  |b Consultor Jurd̕ico,  |c 2006 -  
300 |a 1 recurso electrn̤ico 
310 |a Diaria 
362 |a Nm︢. 1 (2006) - 
506 1 |a Contenido solo disponible en los productos indicados  |d vLex Global  |d vLex Global (Academic Edition, excluding Law Schools)  |d vLex Global (U.S. Academic Edition, Law Schools)  |d vLex Global (U.S. Academic Edition, excluding Law Schools)  |d vLex Global (Academic Edition, Law Schools) 
650 0 4 |a Derecho  |z Brasil 
740 0 |a vLex Revistas (Servicio en ln̕ea) 
856 4 0 |u http://vlex.com/source/consultor-juridico-brasil-noticias-11533/  |z Acceso restringido 
942 |c REV 
999 0 |a Law